[Event "Pan American-ch U16 Girls"]
[Site "Guayaquil"]
[Date "2019.07.24"]
[Round "5"]
[White "Arauco Celestino, Arianna Sofia"]
[Black "Cedeno Suarez, Cristina"]
[Result "1-0"]
[WhiteElo "1653"]
[BlackElo "1390"]
[PlyCount "76"]
[EventDate "2019.07.21"]
[EventType "swiss"]
[EventRounds "9"]
[EventCountry "ECU"]
[SourceTitle "EXT 2020"]
[Source "ChessBase"]
[SourceDate "2019.10.17"]
[SourceVersion "1"]
[SourceVersionDate "2019.10.17"]
[SourceQuality "1"]

1. d4 d5 2. Bg5 Nf6 3. Bxf6 exf6 4. e3 Bf5 5. Nd2 Bd6 6. c4 dxc4 7. Bxc4 0-0 8. Ngf3 Nc6 9. 0-0 Ne7 10. Rc1 Qd7 11. Qb3 c6 12. Rfd1 Be6 13. e4 Bf4 14. Rc3 Bxc4 15. Nxc4 f5 16. Nfe5 Qc7 17. Rf3 Bxe5 18. Nxe5 Qb6 19. Qc4 Qxb2 20. exf5 Nd5 21. Ng4 f6 22. a3 Qb6 23. Rg3 Kh8 24. h4 Rfe8 25. h5 Nf4 26. Kh2 Nxh5 27. Rh3 Nf4 28. Rf3 Qc7 29. g3 Nd5 30. Rh1 Qe7 31. Ne3 Qxa3 32. Kg2 Nxe3+ 33. Rxe3 Qd6 34. Qc2 Re7 35. g4 h6 36. Rhh3 Kg8 37. Kf3 Ree8 38. Qa2+ Qd5+ 1-0

[Event "Pan American-ch U16 Girls"]
[Site "Guayaquil"]
[Date "2019.07.23"]
[Round "4"]
[White "Cedeno Suarez, Cristina"]
[Black "Oleas Vanegas, Micaela Carolina"]
[Result "1/2-1/2"]
[WhiteElo "1390"]
[BlackElo "1671"]
[PlyCount "49"]
[EventDate "2019.07.21"]
[EventType "swiss"]
[EventRounds "9"]
[EventCountry "ECU"]
[SourceTitle "EXT 2020"]
[Source "ChessBase"]
[SourceDate "2019.10.17"]
[SourceVersion "1"]
[SourceVersionDate "2019.10.17"]
[SourceQuality "1"]

1. e4 e5 2. Nf3 Nc6 3. Bb5 Nge7 4. 0-0 g6 5. c3 a6 6. Bxc6 Nxc6 7. d4 Bg7 8. Bg5 f6 9. Be3 exd4 10. Nxd4 0-0 11. Nxc6 bxc6 12. Qb3+ Kh8 13. Nd2 d6 14. Rad1 Qd7 15. Rfe1 c5 16. Qc2 Bb7 17. f3 Qf7 18. b3 a5 19. c4 Rfe8 20. Nb1 Ra6 21. Nc3 Rea8 22. Bc1 Kg8 23. Qe2 Re8 24. Qd2 Kf8 25. Qe2 1/2-1/2

[Event "Pan American-ch U16 Girls"]
[Site "Guayaquil"]
[Date "2019.07.22"]
[Round "3"]
[White "Cedeno Suarez, Cristina"]
[Black "Flores Taboada, Leidy De America"]
[Result "1-0"]
[WhiteElo "1390"]
[BlackElo "1546"]
[PlyCount "61"]
[EventDate "2019.07.21"]
[EventType "swiss"]
[EventRounds "9"]
[EventCountry "ECU"]
[SourceTitle "EXT 2020"]
[Source "ChessBase"]
[SourceDate "2019.10.17"]
[SourceVersion "1"]
[SourceVersionDate "2019.10.17"]
[SourceQuality "1"]

1. e4 e6 2. d4 d5 3. exd5 exd5 4. Nf3 Bd6 5. Bd3 Bg4 6. 0-0 Ne7 7. Be3 c6 8. Nbd2 Nd7 9. Re1 Qc7 10. h3 Bh5 11. c3 0-0-0 12. b4 Bg6 13. Nb3 Nb6 14. a4 Bxd3 15. Qxd3 Nc4 16. b5 f5 17. bxc6 Qxc6 18. a5 h6 19. Ne5 Nxe5 20. dxe5 Bxe5 21. Bxa7 Bf6 22. Bc5 Qd7 23. a6 Nc6 24. a7 Kc7 25. Qb5 Ra8 26. Bb6+ Kc8 27. Nc5 Qf7 28. Re6 Ne5 29. f4 Qxe6 30. Nxe6 Nc6 31. Nc7 1-0

[Event "Pan American-ch U16 Girls"]
[Site "Guayaquil"]
[Date "2019.07.21"]
[Round "1"]
[White "Cedeno Suarez, Cristina"]
[Black "Sanchez Tobar, Francisca Valentina"]
[Result "1/2-1/2"]
[WhiteElo "1390"]
[BlackElo "1823"]
[PlyCount "94"]
[EventDate "2019.07.21"]
[EventType "swiss"]
[EventRounds "9"]
[EventCountry "ECU"]
[SourceTitle "EXT 2020"]
[Source "ChessBase"]
[SourceDate "2019.10.17"]
[SourceVersion "1"]
[SourceVersionDate "2019.10.17"]
[SourceQuality "1"]

1. e4 e5 2. Nf3 Nc6 3. Bb5 g6 4. 0-0 Bg7 5. Nc3 Nge7 6. d3 0-0 7. Bg5 a6 8. Ba4 h6 9. Bh4 d6 10. Nd5 g5 11. Nxg5 hxg5 12. Bxg5 f6 13. Bb3 Nxd5 14. Bxd5+ Rf7 15. Qh5 Qe7 16. Bxf7+ Qxf7 17. Qxf7+ Kxf7 18. Be3 Be6 19. a3 Rh8 20. f4 Bh6 21. Rae1 Ke7 22. fxe5 Bxe3+ 23. Rxe3 Nxe5 24. h3 Rg8 25. Kh2 Rg7 26. Re2 c5 27. Ref2 Rg6 28. g4 Bxg4 29. hxg4 Nxg4+ 30. Kg3 Nxf2+ 31. Kxf2 Ke6 32. Ke3 Rg2 33. Rf2 Rxf2 34. Kxf2 b5 35. Ke3 d5 36. b4 cxb4 37. axb4 Ke5 38. exd5 Kxd5 39. Kf4 Kd4 40. Kf5 Kc3 41. Kxf6 Kxb4 42. d4 a5 43. d5 a4 44. d6 a3 45. d7 a2 46. d8Q a1Q+ 47. Kf5 Qc3 1/2-1/2

[Event "South America School-ch 33rd"]
[Site "Cochabamba"]
[Date "2017.12.06"]
[Round "3.4"]
[White "Cedeno Suarez, Cristina"]
[Black "Contreras Suazo, Rocio Antonella"]
[Result "1/2-1/2"]
[WhiteElo "1408"]
[BlackElo "1444"]
[PlyCount "86"]
[EventDate "2017.12.05"]
[EventType "team-tourn"]
[EventRounds "9"]
[EventCountry "BOL"]
[SourceTitle "CBM 182 Extra"]
[Source "ChessBase"]
[SourceDate "2018.02.23"]
[SourceVersion "1"]
[SourceVersionDate "2018.02.23"]
[SourceQuality "1"]
[WhiteTeam "Ecuador"]
[BlackTeam "Chile"]
[WhiteTeamCountry "ECU"]
[BlackTeamCountry "CHI"]

1. c4 f5 2. Nf3 Nf6 3. g3 e6 4. Bg2 c6 5. 0-0 d5 6. cxd5 cxd5 7. d3 Bd6 8. Nc3 e5 9. Nb5 0-0 10. Nxd6 Qxd6 11. d4 e4 12. Ne5 Nc6 13. Nxc6 Qxc6 14. Bf4 Bd7 15. Qd2 Qb6 16. Rfc1 Rac8 17. Bg5 h6 18. Bxf6 Rxf6 19. Rxc8+ Bxc8 20. Rc1 Rc6 21. Rxc6 bxc6 22. Qc3 Ba6 23. e3 Qb5 24. Qc1 Qa4 25. a3 Qb3 26. Bf1 Bd3 27. Qd2 Bxf1 28. Kxf1 Qc4+ 29. Ke1 c5 30. dxc5 Qxc5 31. b4 Qc4 32. a4 Qb3 33. a5 Kh8 34. Qd4 a6 35. Qd2 Qc4 36. Qd4 Qb5 37. Qb6 Qd3 38. Qd4 Qb1+ 39. Ke2 Qc2+ 40. Ke1 Qb1+ 41. Ke2 Qc2+ 42. Ke1 Qb1+ 43. Ke2 Qc2+ 1/2-1/2